|
|
|
|
| LEADER |
00684cam a2200193 7i4500 |
| 001 |
0000051102 |
| 005 |
20250225090000.0 |
| 008 |
170304 eng |
| 020 |
|
|
|a 9789834064259 (hbk.)
|
| 020 |
|
|
|a 983406425X (hbk.)
|
| 090 |
0 |
0 |
|a HD9576.M364
|b B69 2001
|
| 100 |
1 |
|
|a Bowie, Paddy
|
| 245 |
1 |
2 |
|a A vision realised :
|b the transformation of a national oil corporation
|c by Paddy Bowie.
|
| 260 |
|
|
|a Kuala Lumpur:
|b Orillia,
|c 2001.
|
| 300 |
|
|
|a xii, 425 p.:
|b col. ill.;
|c 24 cm.
|
| 500 |
|
|
|a Gift: En. Hasrom Haron
|
| 610 |
2 |
|
|a Petronas
|
| 650 |
0 |
0 |
|a Petroleum industry and trade --
|x History --
|z Malaysia
|
| 999 |
|
|
|a 0000060745
|b BOK
|c OPEN SHELF
|e 1st Floor, Shah Alam
|